000 00449nam a2200181Ia 4500
003 IN-BaIIA
008 211028s9999 xx 000 0 eng d
040 _cIIA Library
080 _a523.9
_bYOU
100 _aYoung, C. A.
_91461
245 4 _aThe sun
_cC. A. Young
260 _aLondon
_bKegan Paul
_c1910
300 _ax, 375p.
490 _aInternational scientific series; v. 39
650 _aSolar-Physics
650 _aSun
_91200
942 _cBK
999 _c672
_d672